000 00520nam a22001817a 4500
003 CEME
005 20210628205933.0
008 210209b xxu||||| |||| 00| 0 eng d
020 _a0-88173-218-8
040 _c.
082 _a665.75 ING
100 _aIngersoll, John.G
_967807
245 _aNatural gas vehciles
260 _aUSA
_bTHE FAIRMONT PRESS
_c1996
300 _aXIII,468P
650 _aVEHICLES-NATURAL GAS GAS VEHICLES MOTOR VEHICLE INDUSTRY-UNITED STATES NATURAL GAS VEHICLES
_977542
942 _cBK
_2ddc
999 _c582806
_d582806